| 000 | 00000cam 2200000zi 4500 |
| 001 | 9.959464 |
| 003 | CaOODSP |
| 005 | 20260513131847 |
| 006 | m o d f |
| 007 | cr mn||||||||| |
| 008 | 260130t20262026oncd ob f000 0 eng d |
| 020 | |a9780660981925 |
| 040 | |aCaOODSP|beng|erda|cCaOODSP |
| 043 | |an-cn--- |
| 086 | 1 |aFA1-27/2026-1-4E-PDF |
| 110 | 1 |aCanada. |bOffice of the Auditor General, |eauthor, |eissuing body. |
| 245 | 10|aAccessibility in the public service : |bindependent auditor's report. |
| 264 | 1|a[Ottawa] : |bOffice of the Auditor General of Canada = Bureau du vérificateur général du Canada, |c2026. |
| 264 | 4|c©2026 |
| 300 | |a1 online resource (v, 41 pages) : |bgraphs. |
| 336 | |atext|btxt|2rdacontent |
| 337 | |acomputer|bc|2rdamedia |
| 338 | |aonline resource|bcr|2rdacarrier |
| 490 | 1 |aReports of the Auditor General of Canada to the Parliament of Canada, |x2561-343X |
| 500 | |aIssued also in French under title: L'accessibilité dans la fonction publique : rapport de l'auditeur indépendant. |
| 504 | |aIncludes bibliographical references. |
| 520 | |a"This audit focused on whether the 7 organizations fostered an accessible workplace for public service employees with disabilities. This work included analysis of the organizations’ efforts to increase the representation of employees with disabilities and an examination of aspects of workplace culture as experienced by those employees"--Focus of the audit, page 3. |
| 610 | 20|aCanada School of Public Service|xAuditing. |
| 610 | 10|aCanada. |bEmployment and Social Development Canada|xAuditing. |
| 610 | 20|aPublic Service Commission of Canada|xAuditing. |
| 610 | 10|aCanada. |bPublic Services and Procurement Canada|xAuditing. |
| 610 | 10|aCanada. |bShared Services Canada|xAuditing. |
| 610 | 10|aCanada. |bTreasury Board|xAuditing. |
| 610 | 20|aCanada Revenue Agency|xAuditing. |
| 650 | 0|aWork environment|xBarrier-free design|zCanada|xEvaluation. |
| 775 | 08|tL'accessibilité dans la fonction publique : |w(CaOODSP)9.959465 |
| 830 | #0|aReports of the Auditor General of Canada to the Parliament of Canada.|w(CaOODSP)9.846691 |
| 856 | 40|qPDF|s1.05 MB|uhttps://publications.gc.ca/collections/collection_2026/bvg-oag/FA1-27-2026-1-4-eng.pdf|z[Report] |
| 856 | 4 |qHTML|sN/A|uhttps://www.canada.ca/en/auditor-general/our-work/audit-reports/auditor-general-202605-accessibility-public-service.html|z[Summary] |